Eastern Coastal Forts, Monuments And Islands of India/ (Record no. 200038)

MARC details
000 -LEADER
fixed length control field 00693nam a22002177a 4500
005 - DATE AND TIME OF LATEST TRANSACTION
control field 20250625154456.0
010 ## - LCCN (DPL NO)
LC control number ENG-138832 ENG-145547
020 ## - INTERNATIONAL STANDARD BOOK NUMBER
International Standard Book Number 978-93-92568-37-4
Terms of availability 6250.00
020 ## - INTERNATIONAL STANDARD BOOK NUMBER
International Standard Book Number 9789392568886
035 ## - SYSTEM CONTROL NUMBER
System control number EN-122365
035 ## - SYSTEM CONTROL NUMBER
System control number EN-129079
037 ## - SOURCE OF ACQUISITION
Source of stock number/acquisition DBAD/PUB
082 ## - DEWEY DECIMAL CLASSIFICATION NUMBER
Classification number 954
Edition number 1
100 ## - MAIN ENTRY--PERSONAL NAME
Personal name Diwan, H.D
245 ## - TITLE STATEMENT
Title Eastern Coastal Forts, Monuments And Islands of India/
Statement of responsibility, etc by H.D Diwan
250 ## - EDITION STATEMENT
Edition statement 1
260 ## - PUBLICATION, DISTRIBUTION, ETC. (IMPRINT)
Place of publication, distribution, etc Chhattisgarh
Name of publisher, distributor, etc Aditi Publication
Date of publication, distribution, etc 2023
270 ## - ADDRESS
Address Opp. New Panchajanya Vidya Mandir, Near Tianga Chowk, Kushalpur, Raipur
City Chhattisgarh
Telephone number 9425210308
300 ## - PHYSICAL DESCRIPTION
Extent 168p.
Dimensions 20cm(pbk)
942 ## - ADDED ENTRY ELEMENTS (KOHA)
Source of classification or shelving scheme Dewey Decimal Classification
Item type English Books
Classification part 954
Call number suffix DIW
Edition 1
Holdings
Withdrawn status Lost status Not for loan Collection code Home library Current library Date acquired Source of acquisition Cost, normal purchase price Full call number Barcode Copy number Cost, replacement price Koha item type
    Not For Loan Reference Ashok Vihar Ashok Vihar 08/01/2024 DBAD 6250.00 954 DIW EN-122364 1 6250.00 English Books
      Non-fiction Sarojini Nagar Sarojini Nagar 25/06/2025 Delivery of Books Act Division 6850.00 954 DIW EN-129079 1 6850.00 English Books

© Delhi Public Library
Hit Counter
free hit counter